| 000 | 01993nam a22002777a 4500 | ||
|---|---|---|---|
| 999 |
_c61256 _d61256 |
||
| 003 | Ge_BSU | ||
| 005 | 20240115114236.0 | ||
| 008 | 240115s2002 ge ||||| |||| 00| 0 geo d | ||
| 020 | _a9789941827808 | ||
| 041 | _ageo | ||
| 080 | _a657.15(076) ს-16 | ||
| 245 |
_aსავარჯიშოებისა და ამოცანების კრებული ფინანსურ აღრიცხვაში : _b სავარჯიშოებისა და ამოცანების კრებული განკუთვნილია უმაღლესი და პროფესიული სასწავლებლების სტუდენტებისა და ამ საკითხებით დაინტერესებულ პირთათვის / _cავტორები: ლ. საბაური, ნ. კვატაშიძე, ზ. გოგრიჭიანი [და სხვა]; სამეცნიერო რედაქტორი ლევან საბაური. |
||
| 264 |
_aთბილისი : _bკოლორი, _c2022. |
||
| 300 |
_a520 გვ. : _bცხრ. ; _c29 სმ. |
||
| 653 | _aფინანსური აღრიცხვა | ||
| 653 | _aამოცანები. | ||
| 700 |
_aსაბაური, ლ. _eავტორი _921039 |
||
| 700 |
_aკვატაშიძე, ნ. _eავტორი _914156 |
||
| 700 |
_aგოგრიჭიანი, ზ. _eავტორი _921040 |
||
| 700 |
_aხორავა, ა. _eავტორი _914157 |
||
| 700 |
_aსრესელი, ნ. _eავტორი _920462 |
||
| 700 |
_aვარდიაშვილი, მ. _eავტორი _913255 |
||
| 700 |
_aმაისურაძე, მ. _eავტორი _921041 |
||
| 700 |
_aსაბაური, ლევან _eსამეცნიერო რედაქტორი _914161 |
||
| 942 |
_2udc _cᲬᲘᲒᲜᲘ |
||